Loading...
| Current Events | 2 | 15.00 | 100% | 50% | 0% |
| Fine Arts - Classical Music | 6 | 10.00 | 83% | 17% | 0% |
| Fine Arts - Other Fine Arts | 4 | 25.00 | 100% | 75% | 75% |
| Geography | 2 | 30.00 | 100% | 100% | 100% |
| History - American History | 5 | 20.00 | 100% | 60% | 40% |
| History - European History | 6 | 18.33 | 100% | 50% | 33% |
| History - Other History | 6 | 21.67 | 100% | 83% | 33% |
| History - World History | 4 | 12.50 | 100% | 25% | 0% |
| Literature - American Literature | 8 | 13.75 | 100% | 38% | 0% |
| Literature - British Literature | 8 | 12.50 | 88% | 38% | 0% |
| Literature - European Literature | 4 | 17.50 | 100% | 50% | 25% |
| Literature - World Literature | 4 | 20.00 | 100% | 75% | 25% |
| Mythology | 6 | 11.67 | 67% | 33% | 17% |
| Painting/Sculpture | 4 | 15.00 | 100% | 50% | 0% |
| Philosophy | 3 | 6.67 | 33% | 33% | 0% |
| Pop Culture | 4 | 15.00 | 50% | 75% | 25% |
| Religion | 7 | 11.43 | 86% | 14% | 14% |
| Science - Biology | 5 | 12.00 | 100% | 20% | 0% |
| Science - Chemistry | 6 | 16.67 | 100% | 67% | 0% |
| Science - Other Science | 7 | 21.43 | 100% | 71% | 43% |
| Science - Physics | 5 | 16.00 | 100% | 60% | 0% |
| Social Science | 5 | 14.00 | 100% | 20% | 20% |